01294nam a22002777a 4500003000900000008004100009020001800050040007100068082002000139100003000159245011500189260004200304300006300346505035100409650002000760650001800780650001300798650001700811650002700828650002500855700002100880700003100901700001800932710004100950710002500991AR-CdUCM190425b ||||| |||| 00| 0 spa d a9789972481918 aMUNICIPALIDAD PROVINCIAL DEL CUSCOcBIBLIOTECA MUNICIPAL DEL CUSCO a701.18/G25bG25 aGaray Albújar, Andrés aCusco revelado fotografías de Max T. Vargas, Max Uhle y Martín Chambi /cAndrés Garay Albújar (Editor) aPiura ;bUniversidad de Piura,c2017. a191 Páginas. :bfotografías en negro y blanco,c24 cm. aContenido: Max T. Vargas un joven fotógrafo arequipeño en Cusco en 1897 -- Pasa y presente entrelazado el Cusco en la mirada del científico alemán Max Uhle (1905-1907) -- Revelación de una civilización antigua Chambi y Machu Picchu 1924 -1928 -- Una memoria de América Latina en imágenes la Fototeca del Instituto Ibero Americano. aMartín Chambi aMax T. Vargas aMax Uhle aFotografía aHistoria fotográfica aFotografía antigua aBuchholz, Annika aVillacorta Chávez, Jorge aWolff, Gregor aInstituto Iberoamericano de Berlín aUniversidad de Piura